00549nam a22001697a 450000500170000001000150001702000260003203500140005803700090007208200130008124500550009425000060014926000680015527000990022330000190032250000380034120260427123841.0 aENG-147851 a9789371369527c820.00 aEN-131383 bDBAD 23a541.3 aPearson NEET Foundation Physics, Chemistry Biology a3 aUttar PradeshbPearson India Education Services Pvt. Ltd.c2026 a1st Floor, Berger Tower, Plot No. C-001A/2, Sector 16B, Noida - 201 301, Uttar Pradesh, India. avpp.c25cm(pb) aBased on NCERT Curriculum Class 9